• 首页
  • 本馆介绍
  • 公告通知
  • 最新文献
  • 馆藏检索
  • 电子资源
  • 读者导购
  • 参考咨询
  • 我的图书馆
  • 登录
  • 详细信息显示
  • 放入我的书架
  • 预约/预借图书
  • 作者相关作品
  • 分类相关作品
  • 丛书相关作品
  • 出版社相关作品

书目信息

  • 表格格式
  • 工作单格式
  • 卡片格式
题名:
中华人民共和国气候图集
    
 
作者: ;中国气象局 编制
分册:  
出版信息: 北京   地图出版社出版  1979.03
页数: 226页
开本: 28cm
丛书名:
单 册:
中图分类: P469.2
科图分类:
主题词: 气候学
电子资源:
ISBN:
000 00577nam0 2200169 450
001 202411152026190798
005 20241115083549.78
100    @a20241115d km y0chiy0120 ea
101 0  @achi
200 1  @a中华人民共和国气候图集@AZhong Hua Ren Min Gong He Guo Qi Hou Tu Ji@f中国气象局编制@FZhong Guo Qi Xiang Ju Bian Zhi
210    @a北京@c地图出版社出版@d1979.03
215    @a226页@d28cm
606 0  @a气候学
690    @aP469.2@v4
711 02 @a中国气象局@AZhong Guo Qi Xiang Ju@4编制
801  0 @aCN@b大连网信软件有限公司图书馆·11@c20241115
905    @aZUCC@b1438166@dP469.2@e204@f1
    
    中华人民共和国气候图集/中国气象局编制.-北京:地图出版社出版,1979.03
    226页;28cm
    
    
    ISBN :
    
●
相关链接 在E读中查询图书 在五车中查询图书 在当当中查询图书 在豆瓣中查询图书


正题名:中华人民共和国气候图集     索取号:P469.2/204         预约/预借

序号 登录号 条形码 馆藏地/架位号 状态 备注
1 1438166   214381667   密集书库-资源管理系/ [索取号:P469.2/204] 在馆    
唐山师范学院图书馆 欢迎您!
大连网信软件有限公司© 版权所有